00427nam a2200145Ia 4500008004100000041000900041082001700050100002100067245002200088260004300110300000900153650000800162999001700170952009400187230718s9999 xx 000 0 und d aEng. a348.5bKHO-C akHOkkar Muhammad 0aCivil law Digest  aPakistanbCorporate law decisionc2014 a1723 aLaw c30531d30531 00104070aSIRC-LbSIRC-Ld2023-07-18l0o348.5 KHO-Cp25482r2023-07-18w2023-07-18yBK